00349nam a2200133Ia 4500003000400000008004100004040001600045082001600061100001800077245005600095260004200151300000700193650001500200GCL140319s9999 xx 000 0 eng d aGCL / cGCL04a751.73bC N1 aCOOPER,MARTHA10aR.I.P:NEW YORK SPRAYCAN MEMORIALS / cCOOPER,MARTHA a[S.N] : bTHAMES AND HUDSON ، c1994 a9604aSTREET ART